000
00242nam a22000857a 4500
008
170112b xxu||||| |||| 00| 0 eng d
100
_9
2367
_a
Soni. A
245
_a
The Brain Game: Learning Computers-9
260
_a
New Delhi
_b
Navdeep Publication
_c
2007
999
_c
5347
_d
5347